| LEADER 01174nam 2200277 a 4500 |
| 001 12334106158 |
| 003 ULIB |
| 008 030417s2551 th a sb 001 0 tha |
| 020 ^a978-974-212-811-1
|
| 060 04 ^aQZ266^bฉ491ภ 2551
|
| 100 0 ^aเฉิน, เจา เฟย
|
| 245 10 ^aโภชนาการต้านมะเร็ง =^bCancer & nutritional immunology /^cJau-Fei, เฉิน, เจา เฟย
|
| 250 ^aพิมพ์ครั้งที่ 1
|
| 260 ^aกรุงเทพฯ : ^bซีเอ็ดยูเคชั่น,^c2551
|
| 300 ^a216 หน้า :^bภาพประกอบ
|
| 650 7 ^aมะเร็ง^xโภชนบำบัด
|
| 650 7 ^aมะเร็ง^xการป้องกันและควบคุม
|
| 700 0 ^aศักดา ดาดวง,^eผู้แปล
|
| 700 0 ^aChen, Jau-Fei
|
| 913 ^aImported by ULIBM Administrator
|
| 949 ^aImport form external file by ULIBM system
|
| 999 ^aอรทัย, SUNISA
|